000 00503nam a2200169Ia 4500
999 _c22739
_d22739
003 OSt
005 20200519114208.0
008 190216s9999||||xx |||||||||||||| ||und||
020 _a9798183870190
040 _coclc
082 _a322.1
_bFAH/R
100 _aFahad, Obaidullah
_92423
245 0 _aRedefining Islamic Political Thought /
_cObaidullah Fahad
260 _bSerials Publications,
_aNew Delhi:
_c2006.
300 _a287p
942 _cBK
_2ddc
_h322.1
_iFAH/R
_k322.1
_mFAH/R